000
00287 a2200109 4500
001
ART_26197
005
20260410161936.0
008
260409a
245
1
0
_a
Empresas
100
1
_a
Fernández Gatti, María Andrea
773
0
_t
SaberEs
_g
- Nº 1 (jun. 2009)
_w
REV26089
999
_c
29089
_d
29089